MARC details
| 000 -CABECERA |
| campo de control de longitud fija |
01022nam a2200205 a 4500 |
| 005 - FECHA Y HORA DE LA ÚLTIMA TRANSACCIÓN |
| campo de control |
20220524063657.0 |
| 008 - ELEMENTOS DE LONGITUD FIJA--INFORMACIÓN GENERAL |
| campo de control de longitud fija |
040203s1996 es r 000 0 spa d |
| 020 ## - NÚMERO INTERNACIONAL NORMALIZADO PARA LIBROS |
| Número Internacional Estándar del Libro |
8427711557 |
| 035 ## - NÚMERO DE CONTROL DEL SISTEMA |
| Número de control de sistema |
UPN01000131676 |
| 049 ## - COLECCIÓN |
| Colección |
CE |
| 050 #4 - SIGNATURA TOPOGRÁFICA DE LA BIBLIOTECA DEL CONGRESO |
| Número de clasificación |
QA20 G3.5 |
| Número de documento/Ítem |
A5.7 |
| 100 1# - ASIENTO PRINCIPAL--NOMBRE PERSONAL |
| Nombre de persona |
Alvarez Alvarez, Angel |
| 245 10 - MENCIÓN DE TÍTULO |
| Título |
Actividades matemáticas con materiales didácticos : |
| Resto del título |
más de 250 problemas con fichas... / |
| Mención de responsabilidad, etc. |
Angel Alvarez Alvarez. |
| 260 ## - PUBLICACIÓN, DISTRIBUCIÓN, ETC. |
| Lugar de publicación, distribución, etc. |
Madrid : |
| Nombre del editor, distribuidor, etc. |
Ministerio de Educación y Ciencia : |
| -- |
Nárcea, |
| Fecha de publicación, distribución, etc. |
1996. |
| 300 ## - DESCRIPCIÓN FÍSICA |
| Extensión |
3 fascs. en estuche : |
| Otras características físicas |
il. |
| 440 #0 - MENCIÓN DE SERIE/ASIENTO SECUNDARIO--TÍTULO |
| Título |
Materiales 12-16 para educación secundaria. |
| Nombre de parte o sección de la obra |
Matemáticas |
| 505 8# - NOTA DE CONTENIDO CON FORMATO PREESTABLECIDO |
| Nota de contenido con formato |
Contenido: |
| Información miscelánea |
1. |
| Título |
Bases metodológicas y eidácticas -- |
| Información miscelánea |
2. |
| Título |
Actividades: fichas, dominó, palillos, geoplano cuadrado, geoplano circular, trama cuadrada, trama triangular y trama circular -- |
| Información miscelánea |
3. |
| Título |
Actividades: policubos, pentominós, libros de espejos, tangram, tabla de multiplicar y papiroflexia |
| 650 #4 - ASIENTO SECUNDARIO DE MATERIA - TERMINO TEMATICO |
| Término de materia o nombre geográfico como elemento de entrada |
Matemáticas |
| Subdivisión general |
Estudio y enseñanza (Secundaria) |
| 9 (RLIN) |
4860 |
| 905 ## - TIPO DE MATERIAL |
| Tipo de material |
Libro |